00813nam a2200241Ia 4500003000900000008004100009040001300050040001300063041000900076100002200085245009700107250001300204260001300217260000900230300001200239300001200251490000600263600005000269700002900319942000700348999001700355952019900372IT-RoPAU120407s9999 xx 000 0 und d aIT-RoPAU cIT-RoPAU alat  aGuilhelm Hentrich aPetitiones de Assumptione corporea B.V. Mariae in caelum definienda ad Santam Sedem delectae aVaticano aVaticana c1942 a1061 p. c27,5 cm v1 a"1° v. XLIV, 1061 p. 2° v. XVI, 1110 p. " aRudolfo Gualtero de Moos cBK c24207d24207 00102ddc406243_65000000000000071aPAULUSbPAULUSd2012-04-11l0o243.65r2012-04-11 00:00:00w2012-04-11yBKzInserito da: LUCIA In data: 02 settembre 2011 fondo: Via A.Severo 56 Progr:29027